| 000 | 00000nam##2200000za#4500 |
| 001 | 9.576024 |
| 003 | CaOODSP |
| 005 | 20210624184938 |
| 007 | cr ||||||||||| |
| 008 | 150406|1990||||xxc|||||o f|0| 0 eng|d |
| 040 | |aCaOODSP|beng |
| 043 | |an-cn--- |
| 086 | 1 |aCS98-126/1990E-PDF |
| 245 | 02|aA profile of persons with disabilities in Canada / |h[electronic resource]|cby Adele Furrie and John Coombs. |
| 260 | |aOttawa - Ontario : |bStatistics Canada |c1990. |
| 490 | 1 |aFocus on Canada|v98-126 |
| 500 | |aHistorical census publication digitized by Statistics Canada. |
| 590 | |a13-07-Supp|b2013-03-25 |
| 690 | 07|aCensus data|2gcpds |
| 690 | 07|aPersons with disabilities|2gcpds |
| 710 | 2 |aStatistics Canada. |
| 775 | 08|tUn profil des personnes ayant une incapacité au Canada / |w(CaOODSP)9.605387 |
| 830 | #0|aFocus on Canada ;|v98-126|w(CaOODSP)9.507430 |
| 856 | 40|ahttp://publications.gc.ca|qPDF|s1.3 MB|uhttps://publications.gc.ca/collections/collection_2013/statcan/rh-hc/CS98-126-1990-eng.pdf|y98-126 |